000
00321nam a22001337a 4500
008
170131b xxu||||| |||| 00| 0 eng d
020
_a
9781449650353
041
_a
eng
080
_2
3RD
_a
61
100
_a
3
101
_a
SHM
245
_a
INTRODUCTION TO RESEARCH AND MEDICAL LITERATURE
_c
FORISTER, J.G
942
_2
udc
_c
BK
999
_c
4162
_d
4162